UM Logo
Normal view MARC view
  • Economic conditions.

Entry Topical Term

Number of records used in: 1

001 - CONTROL NUMBER

  • control field: 48334

003 - CONTROL NUMBER IDENTIFIER

  • control field: OSt

005 - DATE AND TIME OF LATEST TRANSACTION

  • control field: 20230331140602.0

008 - FIXED-LENGTH DATA ELEMENTS

  • fixed length control field: 230331|| aca||aabn | a|a d

040 ## - CATALOGING SOURCE

  • Original cataloging agency: OSt
  • Transcribing agency: OSt

150 ## - HEADING--TOPICAL TERM

  • Topical term or geographic name entry element: Economic conditions.

670 ## - SOURCE DATA FOUND

  • Source citation: Work cat.: (OSt): de Vera, Ben O. 48333, Poverty rate below 10% by 2022 /, December 9, 2019.